Portugal EUROs Starting XIs - Statistics

General Stats
  • This quiz has been taken 292 times
  • The average score is 50 of 88
Answer Stats
Hint Answer % Correct
2020 ST Cristiano Ronaldo
100%
2004 LW Cristiano Ronaldo
100%
2016 ST Cristiano Ronaldo
100%
2012 LW Cristiano Ronaldo
100%
2008 LW Cristiano Ronaldo
100%
2020 CB Pepe
98%
2016 CB Pepe
98%
2012 CB Pepe
98%
2008 CB Pepe
98%
2020 GK Rui Patrício
93%
2016 GK Rui Patrício
93%
2012 GK Rui Patrício
93%
2020 RM Bernardo Silva
91%
2004 RW Luís Figo
90%
2000 RM Luís Figo
90%
1996 RM Luís Figo
90%
2016 CM Adrien Silva
89%
2020 AM Bruno Fernandes
86%
2016 ST Nani
85%
2012 RW Nani
85%
2016 DM William Carvalho
84%
2004 CB Ricardo Carvalho
83%
2008 CB Ricardo Carvalho
83%
2020 CB Rúben Dias
81%
2000 AM Rui Costa
79%
1996 AM Rui Costa
79%
2004 CM Deco
77%
2008 CM Deco
77%
2012 CM Joao Moutinho
76%
2008 CM Joao Moutinho
76%
2000 CB Jorge Costa
76%
2020 LB Raphael Guerreiro
75%
2016 LB Raphael Guerreiro
75%
2012 LB Fábio Coentrao
69%
2020 DM Renato Sanches
68%
2016 RM Renato Sanches
68%
2020 DM Danilo Pereira
66%
2016 CB José Fonte
65%
2012 RB Joao Pereira
63%
1984 CB António Lima Pereira
61%
2020 RB Nélson Semedo
60%
2012 CB Bruno Alves
57%
2000 ST Nuno Gomes
56%
2008 ST Nuno Gomes
56%
2004 ST Pauleta
56%
2020 LM Diogo Jota
55%
2016 LM Joao Mario
55%
1984 CB Eurico Gomes
53%
2016 RB Cédric
52%
2004 GK Ricardo
52%
2008 GK Ricardo
52%
2000 GK Vítor Baía
52%
1996 GK Vítor Baía
52%
2004 CM Maniche
50%
2012 CM Raúl Meireles
49%
2012 ST Hélder Postiga
47%
2008 LB Paulo Ferreira
47%
2008 RB Bosingwa
43%
2008 RW Simao
41%
2004 CM Costinha
38%
2000 DM Costinha
38%
2000 CB Fernando Couto
36%
1996 CB Fernando Couto
36%
2012 CM Miguel Veloso
35%
2000 LM Joao Pinto
33%
1996 LM Joao Pinto
33%
1984 RB Joao Pinto
33%
2004 LB Nuno Valente
33%
2000 RB Sérgio Conceicao
33%
1996 ST Ricardo Sá Pinto
32%
2004 RB Miguel
31%
2004 CB Jorge Andrade
27%
2008 CM Petit
26%
1984 GK Manuel Bento
24%
1984 CM António Sousa
16%
1996 DM Paulo Sousa
16%
2000 LB Dimas
15%
1996 LB Dimas
15%
1996 RB Secretário
14%
1996 DM Oceano
13%
1984 LM Fernando Chalana
11%
2000 DM José Luís Vidigal
11%
1984 ST Rui Jordao
8%
1984 RM Carlos Manuel
6%
1984 CM Jaime Pacheco
6%
1984 LB Álvaro Magalhaes
4%
1984 AM António Frasco
4%
1996 CB Hélder Cristóvao
2%
No matching quizzes found
Score Distribution
Percent of People with Each Score
Percentile by Number Answered
Your Score History
You have not taken this quiz